| 000 | 00733nam a2200253Ia 4500 | ||
|---|---|---|---|
| 003 | OSt | ||
| 005 | 20220927105901.0 | ||
| 006 | a|||||r|||| 00| 0 | ||
| 007 | ta | ||
| 008 | 220926b |||||||| |||| 00| 0 eng d | ||
| 024 | _a27665 | ||
| 037 | _cReference Collections | ||
| 040 |
_aRTL _cRTL _beng |
||
| 041 |
_2eng _aeng |
||
| 082 | _a"X:54.3.L, K9" | ||
| 100 |
_aMinchinton W E Ed. _9375553 |
||
| 245 | 0 | _aGrowth of English overseas trade in the sewenteent | |
| 260 |
_aLondon _bMethuen _c1969 |
||
| 300 |
_a"viii,196p." _ccm. |
||
| 490 | _aDebates in economic history | ||
| 650 | _aTrade | ||
| 942 |
_h"X:54.3.L, K9" _cCC |
||
| 999 |
_c695070 _d695070 |
||